000 00474nam a2200145Ia 4500
041 _aArabic
082 _a297.6 cut-62 ر
100 _a20260118u\\\\\\\\\\\y0engy0103\\\\ba
100 _aمحمد رضا
245 0 _aموسوعة النبي والخلفاء الراشدون محمد رسول الله علية افضل الصلاة والسلام -2-
250 _aط1
260 _bدار نوبليس
_aبيروت - لبنان
_c2008
300 _a190
942 _cBk
999 _c190027
_d190027